[Event "Vladivostok Cup"]
[Site "Vladivostok"]
[Date "2010.03.25"]
[Round "7"]
[White "Khabarov, Sergey"]
[Black "Pestov, Konstantin"]
[Result "1/2-1/2"]
[WhiteElo "2195"]
[BlackElo "2136"]
[PlyCount "35"]
[EventDate "2010.03.19"]
[EventType "swiss"]
[EventRounds "9"]
[EventCountry "RUS"]
[SourceTitle "EXT 2022"]
[Source "ChessBase"]
[SourceDate "2021.10.06"]
[SourceVersion "1"]
[SourceVersionDate "2021.10.06"]
[SourceQuality "1"]

1. d4 Nf6 2. Nf3 g6 3. Bf4 Bg7 4. e3 0-0 5. c3 d6 6. Bc4 Nbd7 7. Nbd2 c5 8. h3 b6 9. 0-0 Bb7 10. Re1 Rc8 11. Qe2 Ne4 12. Nxe4 Bxe4 13. Bd3 Nf6 14. a4 Qd7 15. Bb5 Qc7 16. Bd3 Qc6 17. Bb5 Qa8 18. a5 1/2-1/2

[Event "Vladivostok Cup"]
[Site "Vladivostok"]
[Date "2010.03.19"]
[Round "1"]
[White "Pestov, Konstantin"]
[Black "Gridchin, Danil"]
[Result "1-0"]
[WhiteElo "2136"]
[BlackElo "1935"]
[PlyCount "61"]
[EventDate "2010.03.19"]
[EventType "swiss"]
[EventRounds "9"]
[EventCountry "RUS"]
[SourceTitle "EXT 2022"]
[Source "ChessBase"]
[SourceDate "2021.10.06"]
[SourceVersion "1"]
[SourceVersionDate "2021.10.06"]
[SourceQuality "1"]

1. d4 c5 2. Nf3 d5 3. g3 Nc6 4. Bg2 e6 5. 0-0 Nf6 6. b3 cxd4 7. Nxd4 e5 8. Nxc6 bxc6 9. c4 Be6 10. Bb2 Bd6 11. Nc3 e4 12. cxd5 cxd5 13. Nb5 Be7 14. Nd4 Qb6 15. Rc1 Rc8 16. Nxe6 Rxc1 17. Nxg7+ Kf8 18. Qxc1 Kxg7 19. Qg5+ Kf8 20. Rc1 Rg8 21. Qh6+ Ke8 22. Bh3 Rg6 23. Rc8+ Bd8 24. Qf4 Kf8 25. Bf5 Nh5 26. Qb8 Ke7 27. Bxg6 hxg6 28. e3 f5 29. Bd4 Qa5 30. Qb7+ Kf8 31. b4 1-0

[Event "Vladivostok Cup op"]
[Site "Vladivostok"]
[Date "2009.03.26"]
[Round "6"]
[White "Kononenko, Maxim"]
[Black "Pestov, Konstantin"]
[Result "0-1"]
[WhiteElo "2243"]
[BlackElo "2136"]
[PlyCount "42"]
[EventDate "2009.03.21"]
[EventType "swiss"]
[EventRounds "7"]
[EventCountry "RUS"]
[SourceTitle "EXT 2012"]
[Source "ChessBase"]
[SourceDate "2011.11.24"]
[SourceVersion "1"]
[SourceVersionDate "2011.11.24"]
[SourceQuality "1"]

1. e4 c6 2. d4 d5 3. Nd2 dxe4 4. Nxe4 Nd7 5. Ng5 h6 6. Ne6 Qb6 7. Nf4 Ngf6 8. Bc4 Qb4+ 9. Qd2 Qxc4 10. b3 Qa6 11. Nf3 e6 12. c4 Ne4 13. Qe3 Bb4+ 14. Bd2 Nxd2 15. Nxd2 Qa5 16. Rd1 Nf6 17. 0-0 Bxd2 18. Rxd2 0-0 19. Rfd1 Qf5 20. f3 Qg5 21. g4 Nh5 0-1

[Event "Vladivostok Cup op"]
[Site "Vladivostok"]
[Date "2009.03.24"]
[Round "4"]
[White "Popov, Oleg1111"]
[Black "Pestov, Konstantin"]
[Result "0-1"]
[WhiteElo "1721"]
[BlackElo "2136"]
[PlyCount "66"]
[EventDate "2009.03.21"]
[EventType "swiss"]
[EventRounds "7"]
[EventCountry "RUS"]
[SourceTitle "EXT 2012"]
[Source "ChessBase"]
[SourceDate "2011.11.24"]
[SourceVersion "1"]
[SourceVersionDate "2011.11.24"]
[SourceQuality "1"]

1. c4 Nf6 2. Nc3 g6 3. Nf3 Bg7 4. d4 d6 5. e3 0-0 6. Bd3 Nc6 7. a3 e5 8. d5 Ne7 9. e4 Nd7 10. 0-0 f5 11. Ng5 Nc5 12. Bc2 a5 13. Rb1 h6 14. b4 axb4 15. axb4 hxg5 16. bxc5 f4 17. cxd6 Qxd6 18. Na4 f3 19. Bxg5 fxg2 20. Re1 b6 21. Re3 Bf6 22. Bh6 Rf7 23. Rg3 Bh4 24. Rxg2 Bh3 25. Bg5 Bxg2 26. Bxh4 Bf3 27. Qf1 g5 28. Bg3 Ng6 29. Nc3 Nf4 30. Bd1 g4 31. Bxf3 Nh3+ 32. Kg2 Rxf3 33. Rb2 Rxc3 0-1

[Event "Vladivostok Cup op"]
[Site "Vladivostok"]
[Date "2009.03.23"]
[Round "3"]
[White "Pestov, Konstantin"]
[Black "Gridchin, Maxim"]
[Result "0-1"]
[WhiteElo "2136"]
[BlackElo "1947"]
[PlyCount "56"]
[EventDate "2009.03.21"]
[EventType "swiss"]
[EventRounds "7"]
[EventCountry "RUS"]
[SourceTitle "EXT 2012"]
[Source "ChessBase"]
[SourceDate "2011.11.24"]
[SourceVersion "1"]
[SourceVersionDate "2011.11.24"]
[SourceQuality "1"]

1. d4 d5 2. c4 e6 3. Nc3 Nf6 4. Bg5 Nbd7 5. e3 c6 6. Nf3 Be7 7. Qd2 b6 8. Bd3 h6 9. Bh4 Bb7 10. 0-0 0-0 11. Rad1 c5 12. cxd5 Nxd5 13. Bxe7 Qxe7 14. Qe2 cxd4 15. Nxd4 Nxc3 16. bxc3 Nc5 17. Bb1 Rac8 18. Nb5 Ba6 19. c4 g6 20. Rd4 Na4 21. Nd6 Rc6 22. Qc2 b5 23. Rfd1 Nb6 24. Qe4 Rc5 25. cxb5 Bxb5 26. Nxb5 Rxb5 27. a4 Ra5 28. h4 Qa3 0-1

[Event "Vladivostok Cup op"]
[Site "Vladivostok"]
[Date "2009.03.21"]
[Round "1"]
[White "Pestov, Konstantin"]
[Black "Feigin, Semen"]
[Result "1/2-1/2"]
[WhiteElo "2136"]
[BlackElo "2045"]
[PlyCount "43"]
[EventDate "2009.03.21"]
[EventType "swiss"]
[EventRounds "7"]
[EventCountry "RUS"]
[SourceTitle "EXT 2012"]
[Source "ChessBase"]
[SourceDate "2011.11.24"]
[SourceVersion "1"]
[SourceVersionDate "2011.11.24"]
[SourceQuality "1"]

1. d4 c5 2. Nf3 d5 3. g3 Bg4 4. Bg2 e6 5. 0-0 Nc6 6. c3 Nf6 7. h3 Bh5 8. Ne5 Nxe5 9. dxe5 Nd7 10. f4 c4 11. g4 Bg6 12. Be3 h5 13. f5 Bh7 14. Bd4 hxg4 15. hxg4 Qh4 16. e3 Nc5 17. Nd2 Nd3 18. Qa4+ Kd8 19. fxe6 fxe6 20. Bb6+ Ke7 21. Qa3+ Ke8 22. Qa4+ 1/2-1/2